01476nam a22003614a 4500001001200000003000800012006001900020007001500039008004100054010001700095020001500112040002100127035002100148050002600169082001800195100002300213245014400236260004800380300002300428490006600451504005100517533015200568650002800720650001800748650003600766650003100802655002900833700002500862710001700887830006700904856012600971999001701097ebr10052626CaPaEBRm u cr cn|||||||||990927s1999 nyua sb 001 0 eng  z 99049483  z0306462966 aCaPaEBRcCaPaEBR a(OCoLC)55930936114aTK5103.7b.B35 1999eb04a621.382/12211 aBahai, Ahmad R. S.10aMulti-carrier digital communicationsh[electronic resource] :btheory and applications of OFDM /cAhmad R.S. Bahai and Burton R. Saltzberg. aNew York :bKluwer Academic/Plenum,cc1999. axi, 220 p. :bill.1 aInformation technology--transmission, processing, and storage aIncludes bibliographical references and index. aElectronic reproduction.bPalo Alto, Calif. :cebrary,d2013.nAvailable via World Wide Web.nAccess may be limited to ebrary affiliated libraries. 0aDigital communications. 0aMultiplexing. 0aSpread spectrum communications. 0aOrthogonalization methods. 7aElectronic books.2local1 aSaltzberg, Burton R.2 aebrary, Inc. 0aInformation technology--transmission, processing, and storage.40uhttp://site.ebrary.com/lib/rucke/Doc?id=10052626zAn electronic book accessible through the World Wide Web; click to view c65495d65495